Tomorrow's competition : The next generation of growth strategies
Contents: Tomorrow's winning challenge, The new golden rule of competition; Competing in a megaworld; Tomorrow's winning straegies; Competitive re-visioning; Competitive leadership; Competing on value; Competing vertically; Competing cooperatively; Competing by co-managing; the nostgia of...
Uloženo v:
| Hlavní autor: | |
|---|---|
| Médium: | Kniha |
| Jazyk: | Undetermined |
| Vydáno: |
New York
AMACOM
1991
|
| Témata: | |
| Tagy: |
Přidat tag
Žádné tagy, Buďte první, kdo otaguje tento záznam!
|
| Thư viện lưu trữ: | Trung tâm Học liệu Trường Đại học Cần Thơ |
|---|
| LEADER | 00930nam a2200205Ia 4500 | ||
|---|---|---|---|
| 001 | CTU_221729 | ||
| 008 | 210402s9999 xx 000 0 und d | ||
| 082 | |a 658.4012 | ||
| 082 | |b H233 | ||
| 100 | |a Hanan, Mack | ||
| 245 | 0 | |a Tomorrow's competition : | |
| 245 | 4 | |b The next generation of growth strategies | |
| 245 | 0 | |c Mack Hanan | |
| 260 | |a New York | ||
| 260 | |b AMACOM | ||
| 260 | |c 1991 | ||
| 520 | |a Contents: Tomorrow's winning challenge, The new golden rule of competition; Competing in a megaworld; Tomorrow's winning straegies; Competitive re-visioning; Competitive leadership; Competing on value; Competing vertically; Competing cooperatively; Competing by co-managing; the nostgia of the man from coca-cola... | ||
| 650 | |a Strategic planning,Lập kế hoạch chiến lược,Competiton,Cuộc thi | ||
| 904 | |i Thủy Vy, tiên, Trúc | ||
| 980 | |a Trung tâm Học liệu Trường Đại học Cần Thơ | ||